[Event "31.Alpenpokal Oberstdorf op"]
[Site "Tiefenbach (13.01.-21.01)"]
[Date "2005.01.15"]
[Round "3.6"]
[White "Frankenberger, Ralf"]
[Black "Erhart, Uwe"]
[Result "1/2-1/2"]
[WhiteElo "1848"]
[BlackElo "1988"]
[PlyCount "50"]
[EventDate "2005.01.??"]
[Source "ChessOrg"]
[SourceDate "2005.02.28"]

1. d4 Nf6 2. Nf3 b6 3. e3 Bb7 4. c4 e6 5. Nbd2 Be7 6. Bd3 d6 7. O-O Nbd7 8. Qc2
O-O 9. b3 c5 10. Rd1 Qc7 11. Bb2 h6 12. Rac1 Rfe8 13. Qb1 Rad8 14. Be2 Qc6 15.
dxc5 dxc5 16. Qa1 Bf8 17. Ne1 Qc7 18. Bf3 e5 19. Bxb7 Qxb7 20. Nef3 e4 21. Ne5
Nxe5 22. Bxe5 Nd7 23. Bc3 Qc7 24. Nf1 f6 25. Rd5 Nb8 1/2-1/2

[Event "31.Alpenpokal Oberstdorf op"]
[Site "Tiefenbach (13.01.-21.01)"]
[Date "2005.01.15"]
[Round "3.7"]
[White "Winter, Rudolf[29G.Gerau]"]
[Black "Emde, Rainer"]
[Result "0-1"]
[WhiteElo "1654"]
[BlackElo "1995"]
[PlyCount "62"]
[EventDate "2005.01.??"]
[Source "ChessOrg"]
[SourceDate "2005.02.28"]

1. d4 d5 2. Nf3 e6 3. e3 c5 4. dxc5 Bxc5 5. a3 a6 6. Bd3 Nf6 7. Nbd2 O-O 8. O-O
Nc6 9. c3 Qd6 10. Qe2 Ba7 11. e4 Bb8 12. Re1 dxe4 13. Nxe4 Nxe4 14. Qxe4 f5 15.
Qe2 e5 16. Bc4+ Kh8 17. Ng5 Qg6 18. Nf3 Be6 19. Nh4 Qf6 20. g3 Bc7 21. Bxe6
Qxe6 22. Qh5 Kg8 23. Bg5 e4 24. Ng2 Ne5 25. Nf4 Qc6 26. Re3 Bb6 27. Re2 g6 28.
Qh6 Ng4 29. Qh4 e3 30. Nd3 exf2+ 31. Nxf2 Qf3 0-1

[Event "31.Alpenpokal Oberstdorf op"]
[Site "Tiefenbach (13.01.-21.01)"]
[Date "2005.01.15"]
[Round "3.8"]
[White "Woell, Josef"]
[Black "Marek, Herbert"]
[Result "1-0"]
[WhiteElo "1895"]
[BlackElo "1701"]
[PlyCount "44"]
[EventDate "2005.01.??"]
[Source "ChessOrg"]
[SourceDate "2005.02.28"]

1. d4 d5 2. Bg5 Nf6 3. e3 e6 4. Bd3 Be7 5. Nd2 h6 6. Bxf6 Bxf6 7. f4 c5 8. c3
c4 9. Bc2 Nd7 10. Qf3 Qc7 11. Ne2 b6 12. O-O Bb7 13. b4 g5 14. Qh5 Ke7 15. Nf3
Rag8 16. Ne5 Rf8 17. Ng3 Bxe5 18. fxe5 f5 19. Bxf5 Nxe5 20. Bc2 Nd7 21. Rxf8
Kxf8 22. Qg6 Qd8 1-0

[Event "31.Alpenpokal Oberstdorf op"]
[Site "Tiefenbach (13.01.-21.01)"]
[Date "2005.01.15"]
[Round "3.9"]
[White "Kleifges, Matthias,Dr."]
[Black "Poffers, Rieke"]
[Result "1-0"]
[WhiteElo "2019"]
[BlackElo "1799"]
[PlyCount "71"]
[EventDate "2005.01.??"]
[Source "ChessOrg"]
[SourceDate "2005.02.28"]

1. e4 Nc6 2. f4 d5 3. exd5 Qxd5 4. Nc3 Qa5 5. d4 e6 6. Nf3 Nf6 7. Bd2 Qb4 8.
Nd5 Qd6 9. Nxf6+ gxf6 10. c3 Bd7 11. Bd3 O-O-O 12. Qc2 h5 13. O-O-O Bg7 14. g3
Rde8 15. Kb1 e5 16. Be3 Qe6 17. dxe5 fxe5 18. fxe5 Nxe5 19. Nd4 Qd5 20. Be4 Qa5
21. Nb3 Qa4 22. Bxb7+ Kb8 23. Bf4 Bc6 24. Bxc6 Qxc6 25. Nd4 Qg6 26. Rhe1 Qxc2+
27. Kxc2 Ng6 28. Nf5 Bf6 29. Bc1 Kc8 30. Be3 a6 31. Bd4 Bxd4 32. Nxd4 Ne5 33.
Rd2 c5 34. Nf5 Kc7 35. Nd6 Re7 36. Nxf7 1-0

[Event "31.Alpenpokal Oberstdorf op"]
[Site "Tiefenbach (13.01.-21.01)"]
[Date "2005.01.15"]
[Round "3.10"]
[White "Borries, Barbara"]
[Black "Wunderer, Eckart"]
[Result "0-1"]
[WhiteElo "1798"]
[BlackElo "1974"]
[PlyCount "134"]
[EventDate "2005.01.??"]
[Source "ChessOrg"]
[SourceDate "2005.02.28"]

1. e4 d5 2. exd5 Nf6 3. Bb5+ Bd7 4. Bc4 Bg4 5. f3 Bf5 6. Nc3 a6 7. a3 Nbd7 8.
Nge2 Nb6 9. Bb3 Nbxd5 10. Nxd5 Nxd5 11. d4 e6 12. Ng3 Bg6 13. O-O Be7 14. c3
O-O 15. Qe2 c5 16. Bxd5 Qxd5 17. Be3 cxd4 18. Bxd4 Bd6 19. Rfe1 Rfe8 20. Bf2
Rad8 21. Rad1 Qc6 22. Qe3 Qc7 23. Qb6 Qb8 24. Qa7 Qxa7 25. Bxa7 Bc7 26. Bf2 Bc2
27. Rxd8 Rxd8 28. Be3 f6 29. Kf2 Kf7 30. Re2 Bb3 31. h3 f5 32. Bd4 g6 33. Nf1
Bc4 34. Re1 Bb5 35. b3 Bc6 36. g3 Bd5 37. b4 b5 38. f4 h6 39. Ne3 Be4 40. Rd1
g5 41. Be5 Rxd1 42. Nxd1 Bb6+ 43. Bd4 Bd8 44. Be5 gxf4 45. Bxf4 h5 46. Be5 Bg5
47. Ne3 h4 48. Bd4 hxg3+ 49. Kxg3 f4+ (49... e5 50. Bc5 f4+ 51. Kg4 Kg6 52. h4
Bh6 53. Nf1 Bf5+ 54. Kf3 e4+ {ist auch nicht schlecht.}) 50. Kg4 Kg6 51. h4 Bh6
52. Nf1 Bf5+ 53. Kf3 Kh5 54. Be5 Bg4+ 55. Kf2 Kxh4 56. a4 bxa4 57. c4 Bf8 58.
c5 Bf5 59. Nd2 Bd3 60. c6 Bb5 61. c7 Bd7 62. Bxf4 Bxb4 63. Nf3+ Kh5 64. Be5 a3
65. Ke2 a2 66. Nd2 Bd6 67. Ba1 Bxc7 0-1

[Event "31.Alpenpokal Oberstdorf op"]
[Site "Tiefenbach (13.01.-21.01)"]
[Date "2005.01.15"]
[Round "3.11"]
[White "Maugg, Ludwig"]
[Black "Hiller, Joachim[42Deidesh]"]
[Result "1/2-1/2"]
[WhiteElo "1942"]
[BlackElo "1838"]
[PlyCount "77"]
[EventDate "2005.01.??"]
[Source "ChessOrg"]
[SourceDate "2005.02.28"]

1. d4 Nf6 2. c4 e6 3. Nf3 b6 4. a3 Bb7 5. Nc3 Be7 6. d5 O-O 7. g3 exd5 8. cxd5
Re8 9. Bg2 d6 10. O-O a5 11. Nd4 Nbd7 12. b3 Bf8 13. Bb2 Nc5 14. Qc2 g6 15. b4
Na6 16. Qb3 Bg7 17. Rad1 Qd7 18. h3 axb4 19. axb4 Re7 20. Qc4 Qe8 21. Qb3 Nd7
22. e4 h6 23. f4 Kh7 24. Rfe1 Qh8 25. Nde2 Rae8 26. e5 Bc8 27. Ne4 f5 28. exf6
Nxf6 29. Nxf6+ Bxf6 30. Bxf6 Qxf6 31. Kf2 g5 32. b5 Nc5 33. Qf3 Ne4+ 34. Kg1
Qf5 35. fxg5 Qxf3 36. Bxf3 Nxg5 37. Bh5 Rf8 38. Nd4 Rxe1+ 39. Rxe1 1/2-1/2

[Event "31.Alpenpokal Oberstdorf op"]
[Site "Tiefenbach (13.01.-21.01)"]
[Date "2005.01.15"]
[Round "3.12"]
[White "Thonig, Manfred"]
[Black "Moehring, Norbert"]
[Result "0-1"]
[WhiteElo "1555"]
[BlackElo "1954"]
[PlyCount "81"]
[EventDate "2005.01.??"]
[Source "ChessOrg"]
[SourceDate "2005.02.28"]

1. f4 e5 2. fxe5 d6 3. exd6 Bxd6 4. Nf3 Bg4 5. e3 Nc6 6. Bb5 Nge7 7. O-O a6 8.
Bxc6+ Nxc6 9. Qe1 Qe7 10. c3 Ne5 11. Nxe5 Qxe5 12. g3 Bh3 13. d4 Qe4 14. Rf2
O-O-O 15. Nd2 Qg6 16. Nf1 f5 17. e4 fxe4 18. Bf4 Rhf8 19. Qe3 Rd7 20. Bxd6 Rxf2
21. Qxf2 Rxd6 22. Qf8+ Kd7 23. Qf4 Rf6 24. Qe3 Rf3 25. Qe2 Qf7 26. Ne3 b5 27.
c4 c6 28. d5 cxd5 29. Rd1 Kc8 30. Nxd5 Qa7+ 31. Kh1 Rf2 32. Ne7+ Kc7 33. Nd5+
Kb8 34. Qe3 Qxe3 35. Nxe3 Rxb2 36. c5 Rxa2 37. Rc1 Rd2 38. c6 Kc7 39. Nd1 Rd6
40. Ne3 Rxc6 41. Rd1 0-1

[Event "31.Alpenpokal Oberstdorf op"]
[Site "Tiefenbach (13.01.-21.01)"]
[Date "2005.01.15"]
[Round "3.13"]
[White "Froehlich, Rainer[37Sonth]"]
[Black "Heissenbuettel, Hans-Erich"]
[Result "1-0"]
[WhiteElo "1964"]
[BlackElo "1879"]
[PlyCount "75"]
[EventDate "2005.01.??"]
[Source "ChessOrg"]
[SourceDate "2005.02.28"]

1. c4 c5 2. Nc3 Nc6 3. g3 g6 4. Bg2 Bg7 5. d3 Nf6 6. e4 O-O 7. Nge2 Nd4 8. O-O
d6 9. h3 Rb8 10. Nxd4 cxd4 11. Ne2 Nd7 12. f4 b5 13. b3 bxc4 14. bxc4 Nc5 15.
f5 Ba6 16. Qc2 Qb6 17. Ba3 Qa5 18. Bxc5 dxc5 19. Rab1 Be5 20. Nf4 Rxb1 21. Qxb1
Rb8 22. Qd1 Bxf4 23. Rxf4 Qxa2 24. Qf3 g5 25. f6 gxf4 26. Qg4+ Kf8 27. Qg7+ Ke8
28. Qg8+ Kd7 29. Qxb8 exf6 30. Qxa7+ Ke8 31. Qb8+ Kd7 32. gxf4 Qa5 33. Kh2 Qb4
34. Qa7+ Bb7 35. e5 Qd2 36. Qxb7+ Ke8 37. Qb8+ Ke7 38. Qd6+ 1-0

[Event "31.Alpenpokal Oberstdorf op"]
[Site "Tiefenbach (13.01.-21.01)"]
[Date "2005.01.15"]
[Round "3.14"]
[White "Seyfarth, Rudolf"]
[Black "Vreugdenhil, Frans"]
[Result "0-1"]
[WhiteElo "1807"]
[BlackElo "1872"]
[PlyCount "66"]
[EventDate "2005.01.??"]
[Source "ChessOrg"]
[SourceDate "2005.02.28"]

1. c4 e5 2. Nc3 Nf6 3. g3 d5 4. cxd5 Nxd5 5. Bg2 Nb6 6. e3 Nc6 7. Nge2 Be7 8.
a3 Be6 9. d4 exd4 10. exd4 Nd5 11. O-O Bf6 12. Ne4 O-O 13. Nxf6+ Qxf6 14. b4
Rad8 15. Bb2 Rd7 16. Qd2 Rfd8 17. b5 Nce7 18. Rac1 Bg4 19. h3 Bf3 20. Bxf3 Qxf3
21. Kh2 Qb3 22. Rb1 Qxb5 23. Rfc1 Qa6 24. Nf4 Nxf4 25. Qxf4 Nd5 26. Qf3 Qf6 27.
Qe2 Re7 28. Qd2 Rde8 29. Re1 c6 30. Kg2 h6 31. Re5 Qd6 32. Qd3 Rxe5 33. dxe5
Nf4+ 0-1

[Event "31.Alpenpokal Oberstdorf op"]
[Site "Tiefenbach (13.01.-21.01)"]
[Date "2005.01.15"]
[Round "3.15"]
[White "Meyer, Gerd[61Huckarde]"]
[Black "Poell, Guenter"]
[Result "1-0"]
[WhiteElo "1925"]
[BlackElo "1815"]
[PlyCount "72"]
[EventDate "2005.01.??"]
[Source "ChessOrg"]
[SourceDate "2005.02.28"]

1. e4 e6 2. d4 d5 3. Nc3 Nf6 4. Bg5 Be7 5. e5 Nfd7 6. h4 a6 7. Qg4 f5 8. Qh5+
g6 9. Qh6 Kf7 10. Bxe7 Qxe7 11. h5 gxh5 12. Qxh5+ Kf8 13. Nf3 Qf7 14. Qh6+ Kg8
15. Qg5+ Kf8 16. Qh6+ Kg8 17. Ng5 Qg6 18. Qxg6+ hxg6 19. Rxh8+ Kxh8 20. Nxe6 c6
21. Ng5 Nf8 22. Bd3 Ne6 23. Nf7+ Kg7 24. Nd6 Nd7 25. Ne2 b5 26. a4 c5 27. c3 c4
28. Bc2 bxa4 29. Bxa4 Nc7 30. Nxc8 Nxe5 31. dxe5 Rxc8 32. Nd4 Rh8 33. Ke2 Rb8
34. Ra2 Kf7 35. Ke3 Rh8 36. Bc6 Rh2 1-0

[Event "31.Alpenpokal Oberstdorf op"]
[Site "Tiefenbach (13.01.-21.01)"]
[Date "2005.01.15"]
[Round "3.17"]
[White "Emser, Heinrich"]
[Black "Aigner, Georg"]
[Result "0-1"]
[WhiteElo "1685"]
[BlackElo "1855"]
[PlyCount "64"]
[EventDate "2005.01.??"]
[Source "ChessOrg"]
[SourceDate "2005.02.28"]

1. e4 e5 2. Bc4 Bc5 3. Nf3 d6 4. d3 Nf6 5. h3 Nc6 6. c3 Bd7 7. Bg5 h6 8. Bh4
Na5 9. Bxf7+ Kxf7 10. b4 Bxf2+ 11. Bxf2 Nc6 12. Nbd2 Ne7 13. d4 Ng6 14. Qb3+
Be6 15. d5 Bd7 16. g3 Rf8 17. c4 Qe8 18. a4 Kg8 19. c5 Qf7 20. Ke2 Ne7 21. g4
Nxe4 22. Nxe4 Nxd5 23. Ra3 Be6 24. Qb2 Nf4+ 25. Kd1 Bc4 26. Nfd2 Qd5 27. Qc3
Nd3 28. Rh2 Rf4 29. Kc2 Rxe4 30. Nxe4 Qxe4 31. Kd2 Qf4+ 32. Kc2 Qc1# 0-1

[Event "31.Alpenpokal Oberstdorf op"]
[Site "Tiefenbach (13.01.-21.01)"]
[Date "2005.01.15"]
[Round "3.18"]
[White "Fehres, Werner"]
[Black "Tauscher, Max"]
[Result "0-1"]
[WhiteElo "1705"]
[BlackElo "1671"]
[PlyCount "74"]
[EventDate "2005.01.??"]
[Source "ChessOrg"]
[SourceDate "2005.02.28"]

1. e4 e5 2. Nf3 Nc6 3. Nc3 Nf6 4. Bc4 Be7 5. O-O O-O 6. Re1 d6 7. a3 a6 8. b4
b5 9. Bd5 Bb7 10. d4 Rb8 11. Bxc6 Bxc6 12. Bb2 Nd7 13. d5 Ba8 14. Qd3 Nb6 15.
Bc1 h6 16. Rb1 Qd7 17. Nd2 Bg5 18. f3 c6 19. Rd1 cxd5 20. exd5 f5 21. Re1 Rbc8
22. Rb3 Qb7 23. Nde4 fxe4 24. Nxe4 Be7 25. Ng3 Qxd5 26. Qg6 Qf7 27. Qd3 Bd5 28.
Rc3 Bc4 29. Qe4 Nd5 30. Rd3 Bxd3 31. cxd3 Rc2 32. Nf5 Nc3 33. Nxe7+ Qxe7 34.
Qe3 Rf6 35. Bd2 Nd5 36. Qe4 Qf7 37. d4 Rxd2 0-1

[Event "31.Alpenpokal Oberstdorf op"]
[Site "Tiefenbach (13.01.-21.01)"]
[Date "2005.01.15"]
[Round "3.19"]
[White "Ludwig, Ines"]
[Black "Schwichtenberg, Juergen"]
[Result "1/2-1/2"]
[WhiteElo "1521"]
[BlackElo "1639"]
[PlyCount "43"]
[EventDate "2005.01.??"]
[Source "ChessOrg"]
[SourceDate "2005.02.28"]

1. d4 Nf6 2. e3 d5 3. Bd3 Bg4 4. f3 Bd7 5. Nd2 e6 6. f4 c5 7. c3 Be7 8. Ngf3
Nc6 9. O-O O-O 10. Ne5 a6 11. Rf3 g6 12. Rh3 cxd4 13. exd4 Qb6 14. Kh1 Qc7 15.
Qe2 b5 16. Ndf3 Rfd8 17. Ng5 Be8 18. Qf2 Nh5 19. g4 Bxg5 20. gxh5 Nxe5 21. fxg5
Nxd3 22. Rxd3 1/2-1/2

[Event "31.Alpenpokal Oberstdorf op"]
[Site "Tiefenbach (13.01.-21.01)"]
[Date "2005.01.15"]
[Round "3.20"]
[White "Rueggeberg, Wilhelm"]
[Black "Poffers, Gerrit"]
[Result "1-0"]
[WhiteElo "1805"]
[BlackElo "1443"]
[PlyCount "97"]
[EventDate "2005.01.??"]
[Source "ChessOrg"]
[SourceDate "2005.02.28"]

1. d4 Nf6 2. Nf3 g6 3. c4 d6 4. Nc3 Bg7 5. e4 O-O 6. Be2 Nbd7 7. O-O e5 8. d5
Re8 9. Qc2 Nf8 10. Bg5 Bd7 11. b4 Qc8 12. Qd2 Kh8 13. Rac1 Ng8 14. c5 f6 15.
Be3 Ne7 16. cxd6 cxd6 17. Nb5 Qb8 18. Nc7 Rc8 19. Nxa8 Qxa8 20. Rxc8 Nxc8 21.
Bh6 Ne7 22. Rc1 Ng8 23. Bxg7+ Kxg7 24. Rc7 Kh8 25. Qc2 b5 26. Nd2 a5 27. bxa5
Qxa5 28. Kf1 Ne7 29. f3 f5 30. g4 fxg4 31. fxg4 g5 32. Kg2 Neg6 33. Kg3 Nf4 34.
Bf1 Kg7 35. Nf3 Kg6 36. h4 h6 37. h5+ Kf6 38. Rc3 b4 39. Rc7 Ke7 40. Rb7 Kd8
41. Qb2 Bc8 42. Rxb4 Ba6 43. Bxa6 Qxa6 44. Rb8+ Ke7 45. Qb7+ Qxb7 46. Rxb7+ Nd7
47. Nd2 Ne2+ 48. Kf2 Nc3 49. a3 1-0

[Event "31.Alpenpokal Oberstdorf op"]
[Site "Tiefenbach (13.01.-21.01)"]
[Date "2005.01.15"]
[Round "3.21"]
[White "Meyer, Thomas[52Tübing]"]
[Black "Johne, Siegfried"]
[Result "0-1"]
[WhiteElo "1604"]
[BlackElo "1843"]
[PlyCount "58"]
[EventDate "2005.01.??"]
[Source "ChessOrg"]
[SourceDate "2005.02.28"]

1. d4 Nf6 2. c4 g6 3. Nc3 d5 4. cxd5 Nxd5 5. e4 Nxc3 6. bxc3 Bg7 7. Bc4 c5 8.
Ne2 O-O 9. O-O Qc7 10. Qd3 Nc6 11. Be3 Rd8 12. f4 e5 13. d5 exf4 14. Bxf4 Be5
15. Qf3 Na5 16. Bxe5 Qxe5 17. Qxf7+ Kh8 18. Bd3 Bg4 19. Qf6+ $2 (19. Qf4 $3)
19... Qxf6 20. Rxf6 c4 21. Nf4 cxd3 22. Nxd3 Nc4 23. h3 Kg7 24. Raf1 Be2 25.
Rf7+ Kg8 26. Nc5 Bxf1 27. Rxf1 Rf8 28. Ne6 Rxf1+ 29. Kxf1 Nd2+ 0-1

[Event "31.Alpenpokal Oberstdorf op"]
[Site "Tiefenbach (13.01.-21.01)"]
[Date "2005.01.15"]
[Round "3.22"]
[White "Gelzinnus, Siegfried"]
[Black "Ludwig, Karl-Heinz,Prof.Dr."]
[Result "1-0"]
[WhiteElo "1515"]
[BlackElo "1190"]
[PlyCount "95"]
[EventDate "2005.01.??"]
[Source "ChessOrg"]
[SourceDate "2005.02.28"]

1. f4 f5 2. Nf3 Nf6 3. e3 e6 4. b3 Be7 5. Bb2 O-O 6. c4 d5 7. Nc3 c6 8. Be2 a6
9. O-O b5 10. a3 b4 11. axb4 Bxb4 12. Ba3 Bxa3 13. Rxa3 Qd6 14. Qa1 Ne4 15. Rd1
Nd7 16. Ra2 Rf6 17. d3 Nxc3 18. Qxc3 Bb7 19. d4 Raf8 20. c5 Qc7 21. Bxa6 Ra8
22. Rda1 Bxa6 23. Rxa6 Rxa6 24. Rxa6 Qb7 25. Qd3 Rf8 26. Ng5 Re8 27. h3 h6 28.
Nf3 Ra8 29. Rxa8+ Qxa8 30. Qc3 Nf6 31. Nd2 Ne4 32. Nxe4 fxe4 33. b4 Qa6 34. Kf2
Qa2+ 35. Kg3 Qc4 36. Qxc4 dxc4 37. Kf2 g5 38. g3 Kg7 39. Ke2 Kg6 40. Kd2 Kh5
41. Kc3 g4 42. h4 Kg6 43. Kxc4 h5 44. b5 cxb5+ 45. Kxb5 Kf7 46. Kb6 Ke7 47. Kb7
Kd7 48. c6+ 1-0

[Event "31.Alpenpokal Oberstdorf op"]
[Site "Tiefenbach (13.01.-21.01)"]
[Date "2005.01.15"]
[Round "3.23"]
[White "Gerhards, Walter"]
[Black "Heyse, Juergen"]
[Result "1-0"]
[WhiteElo "1805"]
[BlackElo "1553"]
[PlyCount "79"]
[EventDate "2005.01.??"]
[Source "ChessOrg"]
[SourceDate "2005.02.28"]

1. e4 c6 2. d4 d5 3. e5 g6 4. Nf3 Bg4 5. h3 Bxf3 6. Qxf3 Qb6 7. c3 e6 8. Qe2
Nd7 9. Be3 Bg7 10. Na3 Ne7 11. O-O-O Nf5 12. Kb1 Nxe3 13. Qxe3 O-O 14. h4 c5
15. h5 cxd4 16. cxd4 f6 17. hxg6 hxg6 18. Qg3 fxe5 19. Bb5 Rad8 20. Qxg6 exd4
21. Rh7 Rf7 22. Rdh1 Kf8 23. Rh8+ (23. Rxg7 $1 Rxg7 24. Rh8+ Ke7 25. Qxg7+ Kd6
26. Rh7) 23... Bxh8 24. Rxh8+ Ke7 25. Rh4 Qa5 26. Qg5+ Nf6 27. Qc1 Ne4 28. f3
Nd2+ 29. Ka1 Nc4 30. Qg5+ Kd6 31. Bxc4 $6 (31. Nxc4+ $3 dxc4 32. Rxd4+ Kc7 33.
Qxd8#) 31... Qe1+ 32. Nb1 Rc8 33. Bd3 Qe3 34. Qg6 Rff8 35. Qg3+ Kc6 36. Bg6 Rc7
37. a4 Qb3 38. Rxd4 Kb6 39. Qg4 Rfc8 40. Rb4+ 1-0

[Event "31.Alpenpokal Oberstdorf op"]
[Site "Tiefenbach (13.01.-21.01)"]
[Date "2005.01.15"]
[Round "3.24"]
[White "Bruestle, Wilfried"]
[Black "Sakowski, Christian"]
[Result "1/2-1/2"]
[WhiteElo "1614"]
[BlackElo "1771"]
[PlyCount "88"]
[EventDate "2005.01.??"]
[Source "ChessOrg"]
[SourceDate "2005.02.28"]

1. d4 Nf6 2. Bg5 g6 3. Nd2 Bg7 4. c3 d5 5. Ngf3 O-O 6. e3 Bg4 7. h3 Bxf3 8.
Nxf3 c6 9. Qb3 Qb6 10. Bd3 Nbd7 11. O-O Rfe8 12. Bf4 Nh5 13. Bh2 e5 14. Be2
exd4 15. Qxb6 Nxb6 16. cxd4 Nd7 17. Nd2 Nhf6 18. Rac1 Nf8 19. Rc3 Ne4 20. Nxe4
Rxe4 21. Bf3 Re7 22. Rfc1 Rae8 23. Bd6 Rd7 24. Bc5 a6 25. Rb3 Ne6 26. Bb4 Bf8
27. Bxf8 Kxf8 28. h4 Rde7 29. Rb6 Nd8 30. g3 h5 31. Rc3 Rd7 32. Bg2 Ree7 33.
Bh3 Rc7 34. Rcb3 f6 35. Bf1 Nf7 36. Bd3 Kg7 37. Rc3 Nd6 38. a4 Nc8 39. Rbb3 Na7
40. Rc1 Red7 41. Rbc3 b5 42. a5 Rd6 43. b4 Nc8 44. Rc5 Na7 1/2-1/2

[Event "31.Alpenpokal Oberstdorf op"]
[Site "Tiefenbach (13.01.-21.01)"]
[Date "2005.01.15"]
[Round "3.25"]
[White "Luebbers, Doris,Dr."]
[Black "Krawinkel, Hans-Werner"]
[Result "0-1"]
[WhiteElo "1395"]
[BlackElo "1676"]
[PlyCount "122"]
[EventDate "2005.01.??"]
[Source "ChessOrg"]
[SourceDate "2005.02.28"]

1. d4 Nf6 2. c4 e6 3. Nc3 d5 4. e3 c5 5. Nf3 Nc6 6. Be2 Be7 7. O-O O-O 8. b3
cxd4 9. exd4 b6 10. cxd5 Nxd5 11. Nxd5 Qxd5 12. Bb2 Bb7 13. Ne1 Bf6 14. Bf3 Qd7
15. Bxc6 Bxc6 16. Nc2 Qb7 17. Ne3 Rfd8 18. Qg4 g6 19. Rfd1 Bg7 20. Nc4 h6 21.
Qg3 Rd5 22. Ne5 Be8 23. f3 Rad8 24. Qe1 f6 25. Nc4 Bf7 26. Ne3 R5d7 27. Nc4 b5
28. Na5 Qb6 29. b4 e5 30. Nb3 Bxb3 31. axb3 exd4 32. Rd3 f5 33. Bc1 Kh7 34. Bd2
Qb8 35. f4 Qb7 36. Qf1 Rc8 37. Rc1 Rxc1 38. Bxc1 a6 39. Bd2 Re7 40. Qf2 Re4 41.
Qf1 Qe7 42. Qf2 Re2 43. Qf1 Qe4 44. Qf3 Bf6 45. Kf1 Qxf3+ 46. gxf3 Rxh2 47. Kg1
Re2 48. Kf1 Re6 49. Kf2 h5 50. Kg2 Kh6 51. Kh3 h4 52. Bc1 Re2 53. Bd2 Rf2 54.
Be1 Rb2 55. Bd2 Rb1 56. Kh2 Rd1 57. Kg2 g5 58. Kf2 g4 59. fxg4 fxg4 60. Ke2 Rh1
61. f5+ Kh5 0-1

[Event "31.Alpenpokal Oberstdorf op"]
[Site "Tiefenbach (13.01.-21.01)"]
[Date "2005.01.15"]
[Round "3.26"]
[White "Herzog, Manfred[60Sulzfeld]"]
[Black "Mueller, Dieter[45Halle]"]
[Result "1-0"]
[WhiteElo "1756"]
[BlackElo "1451"]
[PlyCount "77"]
[EventDate "2005.01.??"]
[Source "ChessOrg"]
[SourceDate "2005.02.28"]

1. d4 d6 2. c4 Nf6 3. Nc3 g6 4. e4 Bg7 5. Be2 c6 6. Nf3 Na6 7. O-O O-O 8. h3
Nc7 9. Be3 a6 10. a4 Rb8 11. a5 Re8 12. Qc2 Nd7 13. Rad1 b5 14. cxb5 axb5 15.
e5 Na6 16. e6 fxe6 17. Ng5 Nf6 18. Bd3 Rf8 19. Qe2 Nb4 20. Ra1 Nxd3 21. Qxd3
Ra8 22. b4 Nd5 23. Nxd5 exd5 24. Rfc1 Bf5 25. Qe2 Qd7 26. g4 h6 27. gxf5 hxg5
28. fxg6 Rf6 29. Qh5 Qf5 30. Rxc6 Rxg6 31. Rac1 Rh6 32. Qg4 Qxg4+ 33. hxg4 Bf6
34. Rc8+ Rxc8 35. Rxc8+ Kf7 36. a6 Rh3 37. a7 Bxd4 38. a8=Q Bxe3 39. Qxd5+ 1-0

[Event "31.Alpenpokal Oberstdorf op"]
[Site "Tiefenbach (13.01.-21.01)"]
[Date "2005.01.15"]
[Round "3.27"]
[White "Poppitz, Joachim"]
[Black "Schulz, Hermann[35Ülzen]"]
[Result "1/2-1/2"]
[WhiteElo "1369"]
[BlackElo "1565"]
[PlyCount "46"]
[EventDate "2005.01.??"]
[Source "ChessOrg"]
[SourceDate "2005.02.28"]

1. e4 c5 2. Nf3 d6 3. d4 cxd4 4. Nxd4 Nf6 5. Nc3 g6 6. Bc4 Bg7 7. O-O O-O 8. h3
a6 9. Be3 Qc7 10. Bb3 Nc6 11. a3 Bd7 12. Qd2 Na5 13. Qd3 Nxb3 14. Nxb3 Rad8 15.
Rfe1 Bc6 16. Rad1 b5 17. Nd5 Bxd5 18. exd5 Nd7 19. c3 Ne5 20. Qe2 Qc4 21. Qc2
Qc7 22. Nd2 Nc4 23. Nxc4 Qxc4 1/2-1/2

[Event "31.Alpenpokal Oberstdorf op"]
[Site "Tiefenbach (13.01.-21.01)"]
[Date "2005.01.15"]
[Round "3.28"]
[White "Wahl, Hedi"]
[Black "Miessner, Rolf"]
[Result "1/2-1/2"]
[WhiteElo "1364"]
[BlackElo "1554"]
[PlyCount "53"]
[EventDate "2005.01.??"]
[Source "ChessOrg"]
[SourceDate "2005.02.28"]

1. e4 Nf6 2. Nc3 d5 3. e5 Ne4 4. d4 e6 5. Nge2 Bb4 6. Bd2 Nxd2 7. Qxd2 O-O 8.
a3 Be7 9. g3 c5 10. f4 Nc6 11. dxc5 Bxc5 12. b4 Be7 13. Nd4 a6 14. Bg2 Nxd4 15.
Qxd4 b5 16. O-O Bb7 17. Rfc1 Qc7 18. Qd3 Qb6+ 19. Kf1 Rfc8 20. Ne2 Rc4 21. c3
Rac8 22. Qd2 Bd8 23. Ra2 Bc7 24. Rac2 Bb8 25. Nd4 Ba7 26. Bf3 Qc7 27. Be2
1/2-1/2

[Event "31.Alpenpokal Oberstdorf op"]
[Site "Tiefenbach (13.01.-21.01)"]
[Date "2005.01.16"]
[Round "4.1"]
[White "Poffers, Adriaan"]
[Black "Van Baarle, C John"]
[Result "1/2-1/2"]
[WhiteElo "2253"]
[BlackElo "2198"]
[PlyCount "34"]
[EventDate "2005.01.??"]
[Source "ChessOrg"]
[SourceDate "2005.02.28"]

1. d4 e6 2. c4 Nf6 3. Nc3 d5 4. cxd5 exd5 5. Bg5 c6 6. Qc2 Be7 7. e3 g6 8. Bd3
O-O 9. Nge2 Na6 10. a3 Nc7 11. Nf4 Ne6 12. Nxe6 Bxe6 13. O-O Ng4 14. Bxe7 Qxe7
15. h3 Nh6 16. b4 a6 17. Ne2 Bf5 1/2-1/2

[Event "31.Alpenpokal Oberstdorf op"]
[Site "Tiefenbach (13.01.-21.01)"]
[Date "2005.01.16"]
[Round "4.2"]
[White "Schlierkamp, Ferdinand"]
[Black "Wahl, Frithjof,Dr."]
[Result "1-0"]
[WhiteElo "2089"]
[BlackElo "1992"]
[PlyCount "43"]
[EventDate "2005.01.??"]
[Source "ChessOrg"]
[SourceDate "2005.02.28"]

1. e4 e5 2. f4 exf4 3. Nf3 g5 4. Bc4 d6 5. O-O Bg7 6. d4 h6 7. g3 Be6 8. Bxe6
fxe6 9. gxf4 g4 10. Ne1 h5 11. Qd3 Qd7 12. c4 Na6 13. a3 O-O-O 14. Nc3 c6 15.
Be3 d5 16. cxd5 exd5 17. e5 Ne7 18. f5 Bh6 19. Ng2 Bxe3+ 20. Nxe3 Rdg8 21. f6
Ng6 22. f7 1-0

[Event "31.Alpenpokal Oberstdorf op"]
[Site "Tiefenbach (13.01.-21.01)"]
[Date "2005.01.16"]
[Round "4.3"]
[White "Emde, Rainer"]
[Black "Woell, Josef"]
[Result "0-1"]
[WhiteElo "1995"]
[BlackElo "1895"]
[PlyCount "80"]
[EventDate "2005.01.??"]
[Source "ChessOrg"]
[SourceDate "2005.02.28"]

1. d4 d5 2. Nf3 Nf6 3. c4 c6 4. Nc3 e6 5. e3 Bd6 6. b3 Nbd7 7. Bd3 O-O 8. O-O
e5 9. cxd5 exd4 10. dxc6 Ne5 11. exd4 Nxd3 12. Qxd3 bxc6 13. Bg5 h6 14. Bh4 Re8
15. Rfe1 Be6 16. Ne4 Be7 17. Bxf6 Bxf6 18. Nxf6+ Qxf6 19. Ne5 Bd5 20. Rac1 Rac8
21. Qg3 a5 22. Qc3 Qg5 23. f3 h5 24. Qe3 Qh4 25. Qd2 Qd8 26. Nd3 Qf6 27. Qf4
Qg6 28. Rxe8+ Rxe8 29. Ne5 Qd6 30. Rc5 f6 31. Nd3 Qe6 32. h4 Qe2 33. Nc1 Qd1+
34. Kh2 Re1 35. Qb8+ Kh7 36. Qf8 Rh1+ {und aufgegeben.Es könnte folgen} 37. Kg3
Qe1+ 38. Kf4 Rxh4+ 39. g4 Qd2+ 40. Kg3 Qh2# 0-1

[Event "31.Alpenpokal Oberstdorf op"]
[Site "Tiefenbach (13.01.-21.01)"]
[Date "2005.01.16"]
[Round "4.4"]
[White "Wempe, Juergen"]
[Black "Boeven, Manfred"]
[Result "1-0"]
[WhiteElo "2134"]
[BlackElo "1993"]
[PlyCount "72"]
[EventDate "2005.01.??"]
[Source "ChessOrg"]
[SourceDate "2005.02.28"]

1. e4 c5 2. Nc3 e6 3. Nf3 Nc6 4. Bb5 Nge7 5. O-O a6 6. Bxc6 Nxc6 7. d4 cxd4 8.
Nxd4 d6 9. Be3 Be7 10. Qe2 O-O 11. Rad1 Qc7 12. f4 Bd7 13. Nf3 b5 14. Qf2 Rac8
15. Kh1 Bf6 16. Bb6 Qb7 17. Rxd6 Bxc3 18. Rfd1 Ba5 19. Bxa5 Nxa5 20. Rxd7 Qxe4
21. Nd4 Nc4 22. Re1 Qg6 23. c3 Rfd8 24. Rxd8+ Rxd8 25. Nc6 Re8 26. b3 Nd6 27.
Rd1 Nf5 28. Ne5 Qf6 29. Rd7 Ne7 30. Qd2 Qf5 31. h3 Ng6 32. Rd8 Rf8 33. c4 Qb1+
34. Kh2 Qf1 35. Rxf8+ Nxf8 36. c5 f6 1-0